00239 a2200097 450000100060000008200150000610000230002124500670004426000200011130000100013176689 a947.08 PAR aKushan Parshad Kol aHistory of Russian Revolution (urdu)cKushan Parshad Kolhurdu aBook Timeb2010 a207 p